Missing Word: Candy Quiz Stats

 Plays Quiz Updated Mar 5, 2016

Challenge
Share
Tweet
Embed
Score 0/24 Timer 03:00
0 Plays Today
Candy Missing Word % Correct
Milky _____Way
97.6%
_____ MusketeersThree
97.3%
Kit _____Kat
96%
Laffy ____Taffy
94.5%
____ DudsMilk
94.3%
____ RuthBaby
92.2%
Sour _____ KidsPatch
91.9%
Almond _____Joy
90.2%
Junior _____Mints
86.9%
Pixy ____Stix
84.5%
____ & PlentyGood
77.2%
_____ Grand100
74%
Candy Missing Word % Correct
Charleston _____Chew
73.4%
_____ Henry!Oh
72.2%
____ CapsBottle
72.1%
5th _____Avenue
60.3%
Bit-O-_____Honey
57.8%
Reese's Fast _____Break
55%
_____ VinesRed
44.8%
_____ ChupsChupa
13.3%
After _____Eight
13%
Idaho _____Spud
9.6%
Abba-_____Zaba
8.5%
Violet _____Crumble
2.3%

Today's Daily Dose

You're not logged in!

Compare scores with friends on all Sporcle quizzes.
Join for Free
OR
Log In

You Might Also Like...

Show Comments

Extras

Top Quizzes Today


Score Distribution

Your Account Isn't Verified!

In order to create a playlist on Sporcle, you need to verify the email address you used during registration. Go to your Sporcle Settings to finish the process.

Report this User

Report this user for behavior that violates our Community Guidelines.

Details: